La extensión en el desarrollo rural : aportes de la I y II Jornadas de Intercambio.
Guardado en:
| Autores Corporativos: | , |
|---|---|
| Formato: | Libro |
| Idioma: | Spanish |
| Publicado: |
Bahía Blanca :
Centro de estudiantes, Departamento de Agronomía. Universidad Nacional del Sur,
1998.
|
| Etiquetas: |
Agregar Etiqueta
Sin Etiquetas, Sea el primero en etiquetar este registro!
|
| LEADER | 00827nam a22001695a 4500 | ||
|---|---|---|---|
| 001 | EEA.libagro006359 | ||
| 005 | 20180626112234.0 | ||
| 008 | 130809s1998####ag############100#0#spa#d | ||
| 082 | 0 | 4 | |a 630.715 |
| 111 | 2 | |a Jornadas de intercambio |n (1 y 2 : |d noviembre 1996 y mayo 1998 : |c Bahía Blanca) | |
| 245 | 1 | 3 | |a La extensión en el desarrollo rural : |b aportes de la I y II Jornadas de Intercambio. |
| 260 | |a Bahía Blanca : |b Centro de estudiantes, Departamento de Agronomía. Universidad Nacional del Sur, |c 1998. | ||
| 300 | |a [77 h.] ; |c 30 cm. | ||
| 710 | 2 | |a Universidad Nacional del Sur. |b Departamento de Agronomía. |b Centro de estudiantes. | |
| 859 | |a AR-BbBCA |b BIB. AGRONOMIA |h 630.715 |i B151 |p 1999/3553 | ||
| 859 | |a AR-BbBCA |b BIB. AGRONOMIA |h 630.715 |i B151 |p 1999/3554 |t Ej.2 | ||
| 859 | |a AR-BbBCA |b BIB. AGRONOMIA |h 630.715 |i B151 |p 1999/3720 |t Ej.3 | ||
